000 01744cam a2200421 a 4500
999 _c21778
_d21778
001 16131797
003 OSt
005 20200605110151.0
008 091210s2010 ii a b 000 0 eng d
010 _a 2010316995
020 _a9788125038306 (pbk.)
020 _a8125038302 (pbk.)
025 _aI-E-2010-316995; 63-91; 63-09
035 _a(OCoLC)ocn489405928
035 _a(OCoLC)489405928
035 _a(OCoLC)489405928
037 _aLibrary of Congress -- New Delhi Overseas Office
_cRs495.00
040 _aDKAGE
_beng
_coclc
_dDLC
042 _alccopycat
_alcode
043 _aa-ii---
_aa-pk---
050 0 0 _aDS450.P18
_bB75 2010
082 0 4 _a327.5405491
_222
_bMIA/B
100 _92513
_aMain, Zia
245 0 0 _aBridging partition :
_bpeople's initiatives for peace between India and Pakistan /
_cedited by Smitu Kothari and Zia Mian with Kamla Bhasin, A.H. Nayyar and Mohammad Tahseen.
260 _aNew Delhi :
_bOrient BlackSwan,
_c2010.
300 _aix, 347 p. :
_bill. ;
_c22 cm.
504 _aIncludes bibliographical references.
505 0 _aTaking the lead -- personal/historical journeys -- women, education, and labour -- culture -- lessons, limits, and the way forward.
520 _aContributed articles on people's contribution in fostering peaceful relations between Pakistan and India.
650 0 _aPeace-building
_zPakistan
_xCitizen participation.
651 0 _aIndia
_xForeign relations
_zPakistan.
651 0 _aPakistan
_xForeign relations
_zIndia.
700 1 _aKothari, Smitu.
700 1 _aMian, Zia.
906 _a7
_bcbc
_ccopycat
_d3
_encip
_f20
_gy-gencatlg
942 _2ddc
_cBK
_h327.5405491
_iMIA/B
_k327.5405491
_mMIA/B